| 000 | 01830nam0a2200289 i 4500 | ||
|---|---|---|---|
| 001 | RU\NLR\BIBL_A\011267554 | ||
| 005 | 20241103053622.0 | ||
| 035 | _a(NLR Aleph) 011267554 | ||
| 090 |
_a10805052 _c10805052 |
||
| 100 | _a20161110d2016 km y0rusy50 ca | ||
| 101 | 0 | _arus | |
| 102 | _aRU | ||
| 105 | _aac||z|||100zy | ||
| 200 | 1 |
_aТифлокомментирование как новая социальная услуга для людей с проблемами зрения _eсборник материалов II летней международной школы (г. Екатеринбург, 26—27 августа 2015 г.) |
|
| 210 |
_aЕкатеринбург _cСвердловская областная специальная библиотека для слепых _d2016 |
||
| 215 |
_a106 с. _cил., цв. ил., портр. _d28 |
||
| 300 | _aВ надзаг.: М-во культуры Свердл. обл., Свердл. обл. спец. б-ка для слепых | ||
| 606 |
_aТифлокомментирование _jСъезды, совещания и т.п _92119125 _3RU\NLR\AUTH\661583445 |
||
| 606 |
_aКультурно-досуговая деятельность среди слепых _jСъезды, совещания и т.п _92119110 _3RU\NLR\AUTH\661583439 |
||
| 686 | 1 | _aЧ433я431 | |
| 686 | 1 | _aЧ711.24я431 | |
| 711 | 1 | 2 |
_a"Тифлокомментирование как новая социальная услуга для людей с проблемами зрения", летняя международная школа _d2 _eЕкатеринбург _f2015 _9536755 _3RU\NLR\AUTH\880436214 |
| 942 | _cBOOK | ||
| 980 | _aNBR | ||